000
00363nam a2200145Ia 4500
008
100122s9999 xx 000 0 und d
082
_b
17053
_a
821
100
_a
यशवंत
245
_a
यशोधन
260
_b
रविकिरण मंडळ
_c
1929
300
_a
155
630
_a
यशोधन
730
_a
यशोधन
942
_c
BOOK
999
_c
406885
_d
406882